Mathematical modeling of heat transfer in closed two-phase thermosyphon; European Physical Journal Web of Conferences (EPJ Web of Conferences); Vol. 76 : Thermophysical Basis of Energy Technologies, Tomsk, October 10-12 2013

Bibliografiske detaljer
Parent link:European Physical Journal Web of Conferences (EPJ Web of Conferences)
Vol. 76 : Thermophysical Basis of Energy Technologies, Tomsk, October 10-12 2013.— 2014.— [01016, 6 р.]
Hovedforfatter: Nurpeiis А. Е. Atlant Ediluly
Institution som forfatter: Национальный исследовательский Томский политехнический университет (ТПУ) Энергетический институт (ЭНИН) Кафедра теоретической и промышленной теплотехники (ТПТ)
Summary:Title screen
There was conducted a numerical analysis of heat-transfer in close two-phasethermosyphon of cylindrical form in the condition of admission of warmth on a lowerlid and taking from the high bound of lid. For description of the researched processwas offered the simplified mathematical model, which describes only processes of heatconductivity in system “a corps of thermosyphon – a steam channel – a condensatemembrane”. This formulated task with boundary conditions was decided by the methodof eventual differences using an implicit difference scheme. As a result have got fieldsof temperatures in thermosyphon for typical thermal loads and methods of working. Wasconducted a comparative analysis of fields of temperature in a thermosyphon at differentthermal streams on a lower lid. Was studied an Influence of coefficient of heat emission andbasic geometrical descriptions on forming of the field of temperature in the crossrunner ofthermosyphon.
Sprog:engelsk
Udgivet: 2014
Fag:
Online adgang:http://dx.doi.org/10.1051/epjconf/20147601016
Format: MixedMaterials Electronisk Book Chapter
KOHA link:https://koha.lib.tpu.ru/cgi-bin/koha/opac-detail.pl?biblionumber=642312

MARC

LEADER 00000naa0a2200000 4500
001 642312
005 20250604092518.0
035 |a (RuTPU)RU\TPU\network\7251 
090 |a 642312 
100 |a 20150619d2014 k||y0engy50 ba 
101 0 |a eng 
102 |a FX 
135 |a drcn ---uucaa 
181 0 |a i  
182 0 |a b 
200 1 |a Mathematical modeling of heat transfer in closed two-phase thermosyphon  |f А. Е. Nurpeiis 
203 |a Text  |c electronic 
300 |a Title screen 
320 |a [References: 10 tit.] 
330 |a There was conducted a numerical analysis of heat-transfer in close two-phasethermosyphon of cylindrical form in the condition of admission of warmth on a lowerlid and taking from the high bound of lid. For description of the researched processwas offered the simplified mathematical model, which describes only processes of heatconductivity in system “a corps of thermosyphon – a steam channel – a condensatemembrane”. This formulated task with boundary conditions was decided by the methodof eventual differences using an implicit difference scheme. As a result have got fieldsof temperatures in thermosyphon for typical thermal loads and methods of working. Wasconducted a comparative analysis of fields of temperature in a thermosyphon at differentthermal streams on a lower lid. Was studied an Influence of coefficient of heat emission andbasic geometrical descriptions on forming of the field of temperature in the crossrunner ofthermosyphon. 
461 0 |0 (RuTPU)RU\TPU\network\7958  |t European Physical Journal Web of Conferences (EPJ Web of Conferences) 
463 |t Vol. 76 : Thermophysical Basis of Energy Technologies, Tomsk, October 10-12 2013  |v [01016, 6 р.]  |d 2014 
610 1 |a электронный ресурс 
610 1 |a труды учёных ТПУ 
700 1 |a Nurpeiis  |b А. Е.  |c an expert in the field of heat  |c Assistant Tomsk Polytechnic University  |f 1988-  |g Atlant Ediluly  |3 (RuTPU)RU\TPU\pers\34870 
712 0 2 |a Национальный исследовательский Томский политехнический университет (ТПУ)  |b Энергетический институт (ЭНИН)  |b Кафедра теоретической и промышленной теплотехники (ТПТ)  |3 (RuTPU)RU\TPU\col\18679 
801 2 |a RU  |b 63413507  |c 20180305  |g RCR 
850 |a 63413507 
856 4 |u http://dx.doi.org/10.1051/epjconf/20147601016 
942 |c CF